| 000 | 00732nam0a2200253 4500 | ||
|---|---|---|---|
| 001 | RU\NLR\BIBL_A\012516886 | ||
| 005 | 20250624054725.0 | ||
| 035 | _a(NLR Aleph) 012516886 | ||
| 090 |
_a13303890 _c13303890 |
||
| 100 | _a20210513d1974 |||y0rusy50 ca | ||
| 101 | 0 | _akur | |
| 102 | _aAM | ||
| 105 | _ay z 000yy | ||
| 200 | 1 |
_aПәнщәрә _fМиҡ׳ аел Рәшид |
|
| 210 |
_aЕреван _cншьрата һайастан _d1974 |
||
| 215 |
_a158,[2] с. _d17 |
||
| 541 | 1 |
_6z01790 _aОкно _zrus |
|
| 686 | 1 | _aШ6(2=курд.) | |
| 700 | 1 |
_aРәшид _bМ. _gМиҡ׳ аел |
|
| 790 | 1 |
_6z01541 _aРешид _bМ. _gМикаел _4070 |
|
| 852 |
_aNLR _bОНЛ _jКурд./2-162 |
||
| 942 | _cBOOK | ||
| 980 | _aNB | ||